Steven Unvierse - Peace and Love on the Planet Earth - Lyrics Quiz - Statistics

General Stats
  • This quiz has been taken 24 times
  • The average score is 258 of 320
Answer Stats
Character Lyrics % Correct
a
100%
Steven Universe (singing) do-
100%
do.
100%
Peridot (talking) Do-
100%
do...
100%
fa-
100%
Steven Universe (talking) Hahaha
100%
Peridot (singing) | Peridot (talking) I
100%
if
100%
Steven Universe (singing) If
100%
it
100%
it!
100%
it.
100%
la-
100%
la!
100%
mi-
100%
re-
100%
so-
100%
so
100%
Peridot (talking) That's
100%
that's
100%
the
100%
Steven Universe (singing) The
100%
ti-
100%
ti...
100%
ti.
100%
we
100%
Steven Universe (singing) We're
100%
we're
100%
were
100%
Steven Universe (talking) | Steven Universe and Peridot (singing) And
92%
and
92%
and-
92%
anything.
92%
anything,
92%
anything
92%
Earth.
92%
Earth
92%
Earth!
92%
Earth...
92%
is
92%
Is
92%
it's
92%
just
92%
love
92%
making
92%
me...
92%
Oh -
92%
on.
92%
on
92%
peace
92%
Peace
92%
planet
92%
war
92%
Whooah,
92%
all
85%
be
85%
but
85%
But
85%
go.
85%
Steven Universe (talking) Isn't
85%
isn't
85%
key...
85%
Peridot (talking) Key?
85%
music.
85%
not
85%
pattern...
85%
pattern,
85%
pattern
85%
sing
85%
Peridot (talking) Sing?
85%
sound
85%
then
85%
Then
85%
to
85%
too...
85%
why
85%
with
85%
you
85%
You
85%
you.
85%
You're
85%
you're
85%
am
77%
birth,
77%
birth-
77%
birth
77%
come
77%
death
77%
does
77%
guess
77%
here,
77%
INSANE!
77%
Amethyst (singing) | Pearl (singing) | Peridot (singing) | Steven Universe (singing) Life
77%
more
77%
more?
77%
simple.
77%
stuck
77%
there
77%
think
77%
after
69%
already
69%
good?
69%
got
69%
know.
69%
pretty?
69%
relate
69%
repeat
69%
Than
69%
they
69%
Peridot (talking) What
69%
what
69%
what?
69%
words.
69%
words
69%
worth
69%
would
69%
exceedingly
62%
Steven Unvierse (talking) Now
62%
something,
62%
something
62%
Steven Universe (talking) Well,
62%
Steven Universe (talking) Yeah,
62%
add
54%
easy.
54%
fear,
54%
For
54%
nowhere
54%
of
54%
We've
54%
point?
46%
song!
46%
Anybody
38%
bringing
38%
Here's
38%
satisfaction
38%
suppose
38%
been
31%
completion.
31%
fun
31%
have
31%
should
31%
working
31%
Steven Universe (talking) Yes,
31%
yes!
31%
about
23%
Peridot (talking) About
23%
interest...
23%
Interest
23%
problems?
23%
Solutions
23%
what's
23%
without
23%
Devoid
15%
hypothetical
15%
meaning?
15%
or
15%
substance
15%
Steven Universe (talking) Sure.
15%
thinking!
15%
Steven Universe (talking) Whatever
15%
write
15%
purpose,
8%
No matching quizzes found
Score Distribution
Percent of People with Each Score
Percentile by Number Answered
Your Score History
You have not taken this quiz